000 00231nam a2200109Ia 4500
100 _a#N/A
650 _aELECTRONICS
942 _cBK
245 _aElectronic Communications Principles & Systems
260 _b#N/A
546 _aENGLISH
999 _c23115
_d23115